【プロ野球】2025年の広島東洋カープの選手 - Statistics

General Stats
  • This quiz has been taken 145 times
    139 since last reset
  • The average score is 36 of 70
Answer Stats
背番号 選手名 % Correct
16 森翔平
93%
31 坂倉将吾
92%
33 菊池涼介
92%
14 大瀬良大地
89%
5 小園海斗
89%
4 矢野雅哉
88%
18 森下暢仁
87%
27 會澤翼
86%
19 床田寛樹
85%
20 栗林良吏
85%
9 秋山翔吾
85%
13 森浦大輔
80%
32 石原貴規
80%
95 モンテロ
80%
61 ファビアン
80%
0 上本崇司
79%
55 松山竜平
79%
2 田中広輔
78%
37 野間峻祥
76%
96 中村奨成
76%
7 堂林翔太
74%
00 羽月隆太郎
72%
68 ハーン
71%
52 末包昇大
71%
10 佐々木泰
67%
43 島内颯太郎
66%
99 二俣翔一
65%
17 常廣羽也斗
59%
12 大道温貴
54%
48 アドゥワ誠
54%
40 磯村嘉孝
54%
44 林晃汰
51%
34 高橋昂也
46%
41 鈴木健矢
46%
60 田村俊介
46%
69 山足達也
44%
38 宇草孔基
44%
59 大盛穂
44%
21 中﨑翔太
42%
22 髙太一
42%
65 玉村昇悟
40%
57 持丸泰輝
40%
50 中村健人
40%
97 中村貴浩
40%
29 ケムナ誠
39%
67 菊地ハルン
36%
62 清水叶人
36%
36 塹江敦哉
32%
24 黒原拓未
31%
42 ドミンゲス
31%
47 斉藤優汰
29%
63 内田湘大
29%
66 遠藤淳志
28%
93 前川誠太
28%
54 韮澤雄也
27%
94 佐藤啓介
26%
28 佐藤柳之介
25%
98 辻大雅
25%
49 渡邉悠斗
25%
53 岡本駿
24%
46 河野佳
22%
39 長谷部銀次
21%
70 日髙暖己
21%
64 髙木翔斗
21%
56 久保修
21%
30 滝田一希
20%
26 益田武尚
18%
45 松本竜也
18%
35 赤塚健利
16%
58 仲田侑仁
16%
No matching quizzes found
Score Distribution
Percent of People with Each Score
Percentile by Number Answered
Your Score History
You have not taken this quiz since the last reset